000
00318nam a2200121Ia 4500
008
191201s1990 xx 000 0 und d
100
_a
CRAIEVICH, Aldo
245
0
_a
Synchrotron Light Applications and Related Instrumentation
260
_b
World Scientific
_c
1990
300
_a
299
650
_a
Applied
942
_2
ddc
_c
BK
999
_c
650
_d
650